Oceanography:An Invitation to Marine science. (Record no. 6159)

MARC details
000 -LEADER
fixed length control field 00553nam a22002057a 4500
003 - CONTROL NUMBER IDENTIFIER
control field OSt
005 - DATE AND TIME OF LATEST TRANSACTION
control field 20181004183659.0
008 - FIXED-LENGTH DATA ELEMENTS--GENERAL INFORMATION
fixed length control field 181004b xxu||||| |||| 00| 0 eng d
020 ## - INTERNATIONAL STANDARD BOOK NUMBER
International Standard Book Number 9780495190684
020 ## - INTERNATIONAL STANDARD BOOK NUMBER
International Standard Book Number 0495190683
040 ## - CATALOGING SOURCE
Transcribing agency DDC.
082 ## - DEWEY DECIMAL CLASSIFICATION NUMBER
Edition number 551.46GAR 2007.
100 ## - MAIN ENTRY--PERSONAL NAME
Personal name Garrison,Tom;
9 (RLIN) 12717
245 ## - TITLE STATEMENT
Title Oceanography:An Invitation to Marine science.
260 ## - PUBLICATION, DISTRIBUTION, ETC. (IMPRINT)
Place of publication, distribution, etc. Austraria.
Name of publisher, distributor, etc. Thomson Brooks/Cole,
Date of publication, distribution, etc. 2007.
300 ## - PHYSICAL DESCRIPTION
Extent xx,588p;
Other physical details ill.
Dimensions 26cm.
504 ## - BIBLIOGRAPHY, ETC. NOTE
Bibliography, etc includes index.
650 ## - SUBJECT ADDED ENTRY--TOPICAL TERM
Topical term or geographic name as entry element Marine Science
9 (RLIN) 12718
942 ## - ADDED ENTRY ELEMENTS (KOHA)
Source of classification or shelving scheme Dewey Decimal Classification
Koha item type Open Shelf
Holdings
Withdrawn status Lost status Source of classification or shelving scheme Damaged status Not for loan Home library Current library Date acquired Source of acquisition Inventory number Total Checkouts Barcode Date last seen Price effective from Koha item type
    Dewey Decimal Classification     MUST Main Library MUST Main Library 04/10/2018   07/29099   2018-0375 04/10/2018 04/10/2018 Open Shelf